000 00775nam a2200205 a 4500
003 0
005 20250523150743.0
008 021127s19uu xx 00 eng d
050 _aPGS QC 915.3
_b.K14 2001
100 _aKaliski, Nicklas D.
245 _aEvaluation of the awareness level of selected grade 6 Southville International School students on acid rain /
_cNicklas D. Kaliski.
260 _aLas PiƱas City, Philippines :
_bSouthville International School and Colleges,
_c2001.
300 _a40 pages :
_billustrations ;
_c28 cm.
504 _aIncludes bibliographical references.
650 _aAcid rain
_vAwareness.
650 _aEnvironmental awareness.
650 _aEnvironmental education.
650 _aGrade 6 students
_vAttitudes.
942 _2lcc
_cPASS
999 _c96484
_d96484